000 00368nam a2200157Ia 4500
008 230917s9999||||xx |||||||||||||| ||und||
020 _cRS1
040 _e37799
_aMAIN
041 _aEnglish
082 _a823.7 T325S:W
100 _aSastri, P S
245 0 _aW. M Thackeray: The novelist
260 _aAllahbad
_bKitab Mahal
_c1963
300 _a29 p.
942 _cBK
999 _c53524
_d53524